<?xml version='1.0' encoding='UTF-8'?>
  <record xmlns="http://www.loc.gov/MARC21/slim">
    <leader>00000cam a22000007i 4500</leader>
    <controlfield tag="001">ocn974068469</controlfield>
    <controlfield tag="003">OCoLC</controlfield>
    <controlfield tag="005">20251008104514.2</controlfield>
    <controlfield tag="008">991018q14761476gw a          000 0 lat d</controlfield>
    <datafield tag="040" ind1=" " ind2=" ">
      <subfield code="a">QGJ</subfield>
      <subfield code="b">eng</subfield>
      <subfield code="e">rda</subfield>
      <subfield code="e">dcrmr</subfield>
      <subfield code="c">QGJ</subfield>
      <subfield code="d">OCLCL</subfield>
      <subfield code="d">OCLCQ</subfield>
      <subfield code="d">QGJ</subfield>
    </datafield>
    <datafield tag="035" ind1=" " ind2=" ">
      <subfield code="a">(OCoLC)974068469</subfield>
    </datafield>
    <datafield tag="100" ind1="0" ind2=" ">
      <subfield code="a">Isidore,</subfield>
      <subfield code="c">of Seville, Saint,</subfield>
      <subfield code="d">-636,</subfield>
      <subfield code="e">author.</subfield>
      <subfield code="4">aut</subfield>
      <subfield code="1">https://id.oclc.org/worldcat/entity/E39PBJccg6pFYTKbGrV9tfFMyd</subfield>
    </datafield>
    <datafield tag="240" ind1="1" ind2="0">
      <subfield code="a">Etymologiae</subfield>
    </datafield>
    <datafield tag="245" ind1="1" ind2="0">
      <subfield code="a">Liber ethimologia[rum] ysidori hispalensis episcopi.</subfield>
    </datafield>
    <datafield tag="246" ind1="1" ind2=" ">
      <subfield code="i">Title according to ISTC, GW, and IDL:</subfield>
      <subfield code="a">Etymologiae</subfield>
    </datafield>
    <datafield tag="246" ind1="1" ind2=" ">
      <subfield code="i">Title according to Alblas, J. Incunabelen Bibliotheek der Rijksuniversiteit te Utrecht:</subfield>
      <subfield code="a">Originum sive etymologiarum libri XX</subfield>
    </datafield>
    <datafield tag="264" ind1=" " ind2="1">
      <subfield code="a">[Cologne] :</subfield>
      <subfield code="b">[Conrad Winters, de Homborch],</subfield>
      <subfield code="c">[not after 1476]</subfield>
    </datafield>
    <datafield tag="300" ind1=" " ind2=" ">
      <subfield code="a">[126] leaves :</subfield>
      <subfield code="b">diagrams (woodcuts) ;</subfield>
      <subfield code="c">40 cm (folio)</subfield>
    </datafield>
    <datafield tag="336" ind1=" " ind2=" ">
      <subfield code="a">text</subfield>
      <subfield code="b">txt</subfield>
      <subfield code="2">rdacontent</subfield>
    </datafield>
    <datafield tag="337" ind1=" " ind2=" ">
      <subfield code="a">unmediated</subfield>
      <subfield code="b">n</subfield>
      <subfield code="2">rdamedia</subfield>
    </datafield>
    <datafield tag="338" ind1=" " ind2=" ">
      <subfield code="a">volume</subfield>
      <subfield code="b">nc</subfield>
      <subfield code="2">rdacarrier</subfield>
    </datafield>
    <datafield tag="340" ind1=" " ind2=" ">
      <subfield code="m">folio</subfield>
      <subfield code="2">rdabf</subfield>
    </datafield>
    <datafield tag="340" ind1=" " ind2=" ">
      <subfield code="k">2 columns</subfield>
    </datafield>
    <datafield tag="500" ind1=" " ind2=" ">
      <subfield code="a">Title and statement of responsibility from explicit (leaf [126] recto), which reads: Explicit liber ethimologia[rum] ysidori hispalensis episcopi.</subfield>
    </datafield>
    <datafield tag="500" ind1=" " ind2=" ">
      <subfield code="a">Publication statement from ISTC.</subfield>
    </datafield>
    <datafield tag="500" ind1=" " ind2=" ">
      <subfield code="a">Incipit leaf [2] recto: Incipit epistola ysidori junioris Hispalensis episcopi ad braulionem cesaraugustanum episcopus [D]Omino meo &amp; dei servo braulioni episcopo Ysidorus Omni deside[r]io nunc videre faciem tua[m].</subfield>
    </datafield>
    <datafield tag="500" ind1=" " ind2=" ">
      <subfield code="a">Incipit main text (leaf [3] verso): Incipit ethimologiarum ysidori hispalensis episcopi de disciplina et arte Capitulum primum</subfield>
    </datafield>
    <datafield tag="500" ind1=" " ind2=" ">
      <subfield code="a">Text printed in two columns.</subfield>
    </datafield>
    <datafield tag="500" ind1=" " ind2=" ">
      <subfield code="a">Capital spaces without guide letters.</subfield>
    </datafield>
    <datafield tag="500" ind1=" " ind2=" ">
      <subfield code="a">Signatures: [a-b¹⁰ c-k⁸/¹⁰ l-n⁸ o¹⁰]; [a]1, and [o]10v are blank.</subfield>
    </datafield>
    <datafield tag="510" ind1="4" ind2=" ">
      <subfield code="a">Incunabula short title catalogue,</subfield>
      <subfield code="c">ii00183000</subfield>
      <subfield code="u">https://data.cerl.org/istc/ii00183000</subfield>
    </datafield>
    <datafield tag="510" ind1="4" ind2=" ">
      <subfield code="a">Gesamtkatalog der Wiegendrucke,</subfield>
      <subfield code="c">M15258</subfield>
      <subfield code="u">https://www.gesamtkatalogderwiegendrucke.de/docs/M15258.htm</subfield>
    </datafield>
    <datafield tag="510" ind1="4" ind2=" ">
      <subfield code="a">Incunabula in Dutch Libraries,</subfield>
      <subfield code="c">2509</subfield>
    </datafield>
    <datafield tag="510" ind1="4" ind2=" ">
      <subfield code="a">Bayerische Staatsbibliothek Inkunabelkatalog,</subfield>
      <subfield code="c">I-629</subfield>
      <subfield code="u">https://inkunabeln.digitale-sammlungen.de/Ausgabe_I-629.html</subfield>
    </datafield>
    <datafield tag="650" ind1=" " ind2="0">
      <subfield code="a">Encyclopedias and dictionaries</subfield>
      <subfield code="v">Early works to 1600.</subfield>
    </datafield>
    <datafield tag="650" ind1=" " ind2="0">
      <subfield code="a">Encyclopedias and dictionaries, Latin.</subfield>
    </datafield>
    <datafield tag="650" ind1=" " ind2="0">
      <subfield code="a">Civilization, Medieval.</subfield>
    </datafield>
    <datafield tag="650" ind1=" " ind2="0">
      <subfield code="a">Latin language</subfield>
      <subfield code="x">Texts.</subfield>
    </datafield>
    <datafield tag="650" ind1=" " ind2="6">
      <subfield code="a">Encyclopédies et dictionnaires latins.</subfield>
    </datafield>
    <datafield tag="650" ind1=" " ind2="6">
      <subfield code="a">Civilisation médiévale.</subfield>
    </datafield>
    <datafield tag="650" ind1=" " ind2="6">
      <subfield code="a">Latin (Langue)</subfield>
      <subfield code="x">Textes.</subfield>
    </datafield>
    <datafield tag="650" ind1=" " ind2="7">
      <subfield code="a">Latin language</subfield>
      <subfield code="2">fast</subfield>
    </datafield>
    <datafield tag="650" ind1=" " ind2="7">
      <subfield code="a">Encyclopedias and dictionaries, Latin</subfield>
      <subfield code="2">fast</subfield>
    </datafield>
    <datafield tag="650" ind1=" " ind2="7">
      <subfield code="a">Civilization, Medieval</subfield>
      <subfield code="2">fast</subfield>
    </datafield>
    <datafield tag="650" ind1=" " ind2="7">
      <subfield code="a">Encyclopedias and dictionaries</subfield>
      <subfield code="2">fast</subfield>
    </datafield>
    <datafield tag="655" ind1=" " ind2="7">
      <subfield code="a">incunabula (books)</subfield>
      <subfield code="2">aat</subfield>
    </datafield>
    <datafield tag="655" ind1=" " ind2="7">
      <subfield code="a">Texts</subfield>
      <subfield code="2">fast</subfield>
    </datafield>
    <datafield tag="655" ind1=" " ind2="7">
      <subfield code="a">Early works</subfield>
      <subfield code="2">fast</subfield>
    </datafield>
    <datafield tag="655" ind1=" " ind2="7">
      <subfield code="a">Incunabula.</subfield>
      <subfield code="2">lcgft</subfield>
    </datafield>
    <datafield tag="655" ind1=" " ind2="7">
      <subfield code="a">Incunables.</subfield>
      <subfield code="2">rvmgf</subfield>
    </datafield>
    <datafield tag="700" ind1="1" ind2=" ">
      <subfield code="a">Winters, Conrad,</subfield>
      <subfield code="d">active 1475-1482,</subfield>
      <subfield code="e">printer.</subfield>
      <subfield code="4">prt</subfield>
      <subfield code="1">https://id.oclc.org/worldcat/entity/E39PBJrcmMfRjWjrYgpRqrTvHC</subfield>
    </datafield>
    <datafield tag="752" ind1=" " ind2=" ">
      <subfield code="a">Germany</subfield>
      <subfield code="d">Cologne,</subfield>
      <subfield code="e">publication place.</subfield>
      <subfield code="4">pup</subfield>
    </datafield>
  </record>